| 000 | 00581nam a2200205 a 4500 | ||
|---|---|---|---|
| 005 | 20210223123901.0 | ||
| 008 | 991125n 000 0 u | ||
| 035 | _aUPN01000077117 | ||
| 100 | 1 |
_aZavala Aguilar, Roberto _934282 |
|
| 222 | _aREVISTA DE LA ESCUELA NORMAL SUPERIOR DE MEXICO | ||
| 245 | _aÿEs vigente el artículo 3 constitucional? | ||
| 300 | _a3-4 | ||
| 362 | _a1987 4ê época, no. 13 sep.-oct. | ||
| 653 | 0 | _aDESARROLLO ECONOMICO | |
| 653 | 0 | _aDESARROLLO SOCIAL | |
| 653 | 0 | _aEDUCACION | |
| 653 | 0 | _aLEXICO | |
| 904 |
_aAC _b014928 |
||
| 905 | _aArticulo | ||
| 999 |
_c68022 _d68022 |
||